000 00565cam a2200229 4500
008 090401t1991 xxu||||| |||| 00| 0 eng d
020 _a0750600411
035 _a(Sirsi) u33131
041 _aeng
050 _a692.5
100 _aBuchan, R.D.
245 _aEstimating for builders and quantity surveyors.
260 _aOxford
_bNewnes
_c1991
300 _avii,291p. ; 25cm.
350 _a14.95
650 _aESTIMATING
690 _aQuantity surveying
_96263
700 _aFleming, F.W.
700 _aKelly, J.R.
942 _n0
948 _c04/03/1997
999 _c89779
_d89779